| 000 | 00767cam a22002531 4500 | ||
|---|---|---|---|
| 001 | 10027 | ||
| 003 | BD-RjUL | ||
| 005 | 20211208234900.0 | ||
| 008 | 140122s1965 paua b 001 0 eng | ||
| 035 | _a(BD-RjUL)10074 | ||
| 040 |
_aDLC _cODaWU _dBD-RjUL _beng |
||
| 041 | _aeng | ||
| 082 | 0 | 0 |
_a540 _bGEN 1965 |
| 245 | 0 |
_aGeneral chemistry / _cW. F. Luder [and others] Illustrated by Sidney J. Rosenthal and Arthur V. McCarthy. |
|
| 250 | _a3d ed. | ||
| 260 |
_aPhiladelphia : _bSaunders, _cc1965. |
||
| 300 |
_axiii, 569 p. : _billus. ; _c26 cm. |
||
| 504 | _aIncludes bibliographies and index. | ||
| 650 | 0 |
_aChemistry. _930957 |
|
| 700 | 1 |
_aLuder, W. F. _d1910- _q(William Fay), _930971 |
|
| 942 |
_2ddc _cBK |
||
| 999 |
_c10027 _d10027 |
||